The Very Hungry Caterpillar / (Record no. 383946)
[ view plain ]
| 000 -LEADER | |
|---|---|
| fixed length control field | 01501nam a22003978i 4500 |
| 001 - CONTROL NUMBER | |
| control field | fwb00000964 |
| 003 - CONTROL NUMBER IDENTIFIER | |
| control field | PLAYA |
| 005 - DATE AND TIME OF LATEST TRANSACTION | |
| control field | 20230509122536.0 |
| 006 - FIXED-LENGTH DATA ELEMENTS--ADDITIONAL MATERIAL CHARACTERISTICS--GENERAL INFORMATION | |
| fixed length control field | m q h |
| 007 - PHYSICAL DESCRIPTION FIXED FIELD--GENERAL INFORMATION | |
| fixed length control field | cs nzannnauuuu |
| 007 - PHYSICAL DESCRIPTION FIXED FIELD--GENERAL INFORMATION | |
| fixed length control field | sz zunznnnzned |
| 008 - FIXED-LENGTH DATA ELEMENTS--GENERAL INFORMATION | |
| fixed length control field | 230508s2022 ohua 000 1 eng d |
| 020 ## - INTERNATIONAL STANDARD BOOK NUMBER | |
| International Standard Book Number | 9781669664864 |
| Qualifying information | (Wonderbook): |
| Terms of availability | $54.99 |
| 028 01 - PUBLISHER NUMBER | |
| Publisher number | WB000964 |
| Source | Findaway World |
| 040 ## - CATALOGING SOURCE | |
| Original cataloging agency | PLAYA |
| Language of cataloging | eng |
| Description conventions | rda |
| Transcribing agency | PLAYA |
| 092 ## - LOCALLY ASSIGNED DEWEY CALL NUMBER (OCLC) | |
| Classification number | Children's Wonderbook |
| Item number | Carle, Eric |
| 100 1# - MAIN ENTRY--PERSONAL NAME | |
| Personal name | Carle, Eric, |
| Relator term | author. |
| 9 (RLIN) | 11841 |
| 245 10 - TITLE STATEMENT | |
| Title | The Very Hungry Caterpillar / |
| Statement of responsibility, etc | Eric Carle. |
| 264 #1 - Production, Publication, Distribution, Manufacture, and Copyright Notice. | |
| Place of production, publication, distribution, manufacture | Solon, Ohio : |
| Name of producer, publisher, distributor, manufacturer | Findaway World, LLC, |
| Date of production, publication, distribution, manufacture, or copyr | [2022] |
| 300 ## - PHYSICAL DESCRIPTION | |
| Extent | 1 Wonderbook |
| 336 ## - Content Type | |
| Content type term | text |
| 336 ## - Content Type | |
| Content type term | spoken word |
| 337 ## - Media type | |
| Media type term | unmediated |
| 337 ## - Media type | |
| Media type term | audio |
| 338 ## - Carrier type | |
| Carrier type term | volume |
| 338 ## - Carrier type | |
| Carrier type term | other |
| 500 ## - GENERAL NOTE | |
| General note | ON ORDER RECORD. |
| 500 ## - GENERAL NOTE | |
| General note | Release date supplied by publisher. |
| 500 ## - GENERAL NOTE | |
| General note | Audiobook originally released by Penguin Random House. |
| 500 ## - GENERAL NOTE | |
| General note | Issued as a Wonderbook, a pre-loaded audiobook player permanently attached to a hardcover book. |
| 500 ## - GENERAL NOTE | |
| General note | Powered by a rechargeable battery ; USB charger required for recharging. |
| 500 ## - GENERAL NOTE | |
| General note | Audiobook player has 2 modes. Read-Along mode narrates the story. Learning mode asks questions related to the story. |
| 655 #7 - INDEX TERM--GENRE/FORM | |
| Genre/form data or focus term | Children's audiobooks. |
| Source of term | lcgft |
| 9 (RLIN) | 5675081 |
| 710 2# - ADDED ENTRY--CORPORATE NAME | |
| Corporate name or jurisdiction name as entry element | Findaway World, LLC. |
| 9 (RLIN) | 5674726 |
| 942 ## - ADDED ENTRY ELEMENTS (KOHA) | |
| Source of classification or shelving scheme | Dewey Decimal Classification |
| Koha item type | Wonderbook |
| Withdrawn status | Lost status | Source of classification or shelving scheme | Damaged status | Not for loan | Collection code | Home library | Current library | Shelving location | Date acquired | Source of acquisition | Total Checkouts | Total Renewals | Full call number | Barcode | Checked out | Date last seen | Date checked out | Cost, replacement price | Price effective from | Koha item type |
|---|---|---|---|---|---|---|---|---|---|---|---|---|---|---|---|---|---|---|---|---|
| Dewey Decimal Classification | Children Audio Set | Wasatch County Library | Wasatch County Library | Main Floor Childrens Area | 05/09/2023 | Playaway | 25 | 22 | E Wonder Carle | 34301002001511 | 04/24/2026 | 02/23/2026 | 02/23/2026 | 55.00 | 05/09/2023 | Wonderbook |
